| 000 | 00489nam a2200133 a 4500 | ||
|---|---|---|---|
| 001 | 000028928 | ||
| 005 | 20200930055225.0 | ||
| 008 | 110412s1948 dr 000 0 spa d | ||
| 040 |
_aDO-SdBNP _bspa _cBNPHU |
||
| 245 | 0 | 3 | _aUn crime de haute trahison. |
| 246 | 1 | 4 |
_aUn crime de haute trahison : _bel caso de Emilio A. Morel ex ministro plenipotenciario de la República Dominicana |
| 260 |
_aCiudad Trujillo, República Dominicana : _bImpresora Dominicana, _c1948. |
||
| 300 |
_a12 p. ; _c21 cm. |
||
| 999 |
_c28420 _d28420 |
||